UBT Library

Adolescent Medicine (Record no. 48388)

000 -LEADER
fixed length control field 00282nam a22001337a 4500
008 - FIXED-LENGTH DATA ELEMENTS--GENERAL INFORMATION
fixed length control field 180924b xxu||||| |||| 00| 0 eng d
020 ## - INTERNATIONAL STANDARD BOOK NUMBER
International Standard Book Number 1560532378
041 ## - LANGUAGE CODE
Language code of text/sound track or separate title eng
080 ## - UNIVERSAL DECIMAL CLASSIFICATION NUMBER
Universal Decimal Classification number 610
100 ## - Rafti
Rafti 4
101 ## - Shkurtesa
Shkurtesa SHM
245 ## - TITLE STATEMENT
Title Adolescent Medicine
Statement of responsibility, etc Ryan, C
942 ## - ADDED ENTRY ELEMENTS (KOHA)
Source of classification or shelving scheme
Item type Books
Holdings
Withdrawn status Lost status Source of classification or shelving scheme Damaged status Not for loan Collection code Permanent location Current location Shelving location Date acquired Total Checkouts Full call number Barcode Date last seen Price effective from Koha item type
          Koleksioni i përgjithshem UBT - Lipjan UBT - Lipjan Koleksioni i përgjithshem 09/24/2018   610 RYA 002-3013444 09/24/2018 09/24/2018 Books
UBT Library © 2015-2024. All rights reserved University Education for Business and Technology